000 00625 a2200181 4500
000 BKB
001 136523
005 20200902153044.0
008
082 _a620.50711
_bP11N
100 1 _aNanotechnology in undergraduate education
245 1 _aNanotechnology in undergraduate education
_cedited by Kimberly A.O. Pacheco...[et.al.]
260 _aWashington DC
_bOxford university press
_c2009
300 _a206p.
690 _aChemistry-Study and teaching (Graduate); Nanotechnology
700 _aPacheco, Kimberly A.O. ed.
_b
_c
700 _aSchwenz, Richard W. ed.
_b
_c
999 _c9727
_d9727